Obálka Náhled e-knihy:
PDF
Pro půjčování e-knih musíte být přihlášeni.
Jak si půjčit online?

Moderní analýza biologických dat. 4. díl, Analýza času do události a další metody v prostředí R /

Odborná publikace zabývající se nelineárními modely analýzy biologických dat.

Uloženo v:
Hlavní autor: Pekár, Stano, 1970- (Autor)
Další autoři: Brabec, Marek, 1966- (Autor)
Médium: E-kniha
Jazyk:Czech
Vydáno: Brno : Masarykova univerzita, 2024
Vydání:1. vydání
Témata:
On-line přístup:Plný text PDF (Bookport)
Tagy:
Žádné tagy
LEADER 02623nam a2200565 i 4500
001 312440
003 CZ PrSKC
005 20260601215722.0
007 ta
008 240501s2024 xr a f f 001 0 cze
015 |a cnb003603912 
020 |a 9788028003531  |q (vázáno) 
020 |a 978-80-280-0366-1  |q (brožováno) 
035 |a (OCoLC)1455302761 
040 |a OLA001  |b cze  |d ABA001  |e rda 
072 7 |a 57/59  |x Biologické vědy  |2 Konspekt 
080 |a 57/59:004.6  |2 MRF 
080 |a 004.62  |2 MRF 
080 |a 519.22  |2 MRF 
080 |a 004.42R  |2 MRF 
080 |a (035)  |2 MRF 
100 1 |a Pekár, Stano,  |d 1970-  |7 mzk2004237034  |4 aut 
245 1 0 |a Moderní analýza biologických dat.  |n 4. díl,  |p Analýza času do události a další metody v prostředí R /  |c Stano Pekár, Marek Brabec 
246 3 0 |a Analýza času do události a další metody v prostředí R 
250 |a 1. vydání 
264 1 |a Brno :  |b Masarykova univerzita,  |c 2024 
300 |a vii, 252 stran :  |b ilustrace (některé barevné) ;  |c 25 cm 
336 |a text  |b txt  |2 rdacontent 
337 |a bez média  |b n  |2 rdamedia 
338 |a svazek  |b nc  |2 rdacarrier 
504 |a Obsahuje bibliografii a rejstřík 
520 2 |a Odborná publikace zabývající se nelineárními modely analýzy biologických dat. 
520 2 |a Praktická příručka analýzy dat v prostředí R doplňuje předchozí díly o další regresní modely, konkrétně parametrické i semiparametrické modely pro analýzu času do události, regresní stromy a vybrané mnohorozměrné metody, jako je PCA nebo LDA. 
650 0 7 |a biologická data  |7 ph332176  |2 czenas 
650 0 7 |a analýza dat  |7 ph301326  |2 czenas 
650 0 7 |a statistické modely  |7 ph126064  |2 czenas 
650 0 7 |a R (software)  |7 ph571956  |2 czenas 
650 0 9 |a biological data  |2 eczenas 
650 0 9 |a data analysis  |2 eczenas 
650 0 9 |a statistical models  |2 eczenas 
650 0 9 |a R (software)  |2 eczenas 
655 7 |a příručky  |7 fd133209  |2 czenas 
655 9 |a handbooks and manuals  |2 eczenas 
700 1 |a Brabec, Marek,  |d 1966-  |7 xx0071612  |4 aut 
856 4 0 |u https://www.bookport.cz/kniha/moderni-analyza-biologickych-dat-12736/  |y Plný text PDF (Bookport)  |4 N 
900 |a ABA001  |b 19 
044 |a xr 
910 |a RBIT002 
998 |d 407229  |a https://core.palmknihy.cz/api/books/407229/cover?sfsqll  |b https://core.palmknihy.cz/api/books/407229/cover/400?sfsqll  |c https://core.palmknihy.cz/api/books/407229/cover/50?sfsqll  |e 2094-04-08  |g 260  |i 9788028003531  |k https://core.palmknihy.cz/api/books/407229/preview.pdf  |l   |q 49  |r 1  |s https://www.palmknihy.cz/kniha/407229  |t ebook  |y 2024  |z 0 
999 |d 312438